| 000 | 00586nam a22001937a 4500 | ||
|---|---|---|---|
| 003 | OSt | ||
| 005 | 20180130185210.0 | ||
| 008 | 180130b xxu||||| |||| 00| 0 eng d | ||
| 020 | _a9781609137830 | ||
| 040 | _cDNLM | ||
| 082 | _aWY105 M348i 2012 | ||
| 100 |
_aMarquis, Bessie L.; Huston, Carol J. _912398 |
||
| 245 | _aLeadership and Management Tools for the New Nurse: a case study approach | ||
| 260 | _aPhiladelphia; Wolters Kluwer, 2012 | ||
| 300 | _avi,466p; col.ill: 23cm | ||
| 504 | _aReferences, & index included | ||
| 650 |
_aNurse Management _912399 |
||
| 942 |
_2z _cO_SHELF |
||
| 999 |
_c5980 _d5980 |
||